| 000 | 00761nam a2200265Ia 4500 | ||
|---|---|---|---|
| 003 | OSt | ||
| 005 | 20220926024947.0 | ||
| 006 | a|||||r|||| 00| 0 | ||
| 007 | ta | ||
| 008 | 220923b |||||||| |||| 00| 0 eng d | ||
| 020 | _a0852554451 | ||
| 037 | _cGeneral Book | ||
| 040 |
_aRTL _cRTL _beng |
||
| 041 |
_2eng _aeng |
||
| 082 | _aY15.687.N5, P5 | ||
| 100 |
_aKanogo Tabitha _921843 |
||
| 245 | 0 | _aAfrican womanhood in colonial Kenya, 1900-50 | |
| 260 |
_aOxford _bJames Currey _c2005 |
||
| 300 |
_axi,268p _ccm. |
||
| 490 | _aEastern African Studies | ||
| 500 | _aBibliography: P 252-59; Appendix: P 247-48 | ||
| 650 | _aWoman Sociology | ||
| 942 |
_hY15.687.N5, P5 _cGB _2CC |
||
| 999 |
_c645994 _d645994 |
||